000 01395cam a2200337 a 4500
001 15560265
003 OSt
005 20240216091135.0
008 081217s2010 njua 001 0 eng
010 _a 2008053804
020 _a9780135000045
020 _a0135000041
035 _a(OCoLC)ocn268789437
040 _aDLC
_cDLC
_dYDX
_dBTCTA
_dYDXCP
_dDLC
050 0 0 _aTH6010
_b.D33 2010
082 0 0 _a696
_222
_bWUJ
100 1 _aWujek, Joseph B.
_9120603
245 1 0 _aMechanical and electrical systems in architecture, engineering, and construction /
_cJoseph B. Wujek, Frank R. Dagostino.
250 _a5th ed.
260 _aUpper Saddle River, N.J. :
_bPrentice Hall,
_cc2010.
300 _axviii, 942 p. :
_bill. ;
_c29 cm.
500 _aRev. ed. of Mechanical and electrical systems in construction and architecture / Frank Dagostino, Joseph B. Wujek.
500 _aIncludes index.
650 0 _aBuildings
_xMechanical equipment.
_99314
650 0 _aBuildings
_xElectric equipment.
_99315
700 1 _aDagostino, Frank R.
_922899
700 1 _aDagostino, Frank R.
_tMechanical and electrical systems in construction and architecture.
_9120604
906 _a7
_bcbc
_corignew
_d1
_eecip
_f20
_gy-gencatlg
942 _2ddc
_cBK
_aSADA
_k696 WUJ 2010
999 _c607797
_d607797